[Event "Karposh Open  2012"]
[Site "Skopje MKD"]
[Date "2012.04.08"]
[Round "3.50"]
[White "Ilic, Ljubomir"]
[Black "Cavusoglu, Yildiz"]
[Result "1-0"]
[WhiteElo "2199"]
[BlackElo "1971"]
[PlyCount "67"]
[EventDate "2012.04.07"]
[EventType "swiss"]
[EventRounds "9"]
[Source "lmi"]
[SourceDate "2012.04.07"]

1. e4 c6 2. d4 d5 3. Nc3 dxe4 4. Nxe4 Bf5 5. Ng3 Bg6 6. h4 h6 7. h5 Bh7 8. Nf3
e6 9. Bd3 Bxd3 10. Qxd3 Nd7 11. Bf4 Qa5+ 12. Bd2 Qc7 13. O-O-O Ngf6 14. Qe2
O-O-O 15. Ne5 Nb8 16. c3 Bd6 17. f4 Rhf8 18. Qf3 c5 19. Kb1 Nc6 20. Be3 Nd5 21.
Ne4 Nxe3 22. Qxe3 cxd4 23. cxd4 Kb8 24. Rc1 Be7 25. Rc4 Qb6 26. Nxc6+ bxc6 27.
Rhc1 Rc8 28. Qc3 Kb7 29. g3 Rfd8 30. Nc5+ Bxc5 31. dxc5 Qc7 32. Qxg7 Rd2 33.
Qxh6 Qd7 34. R4c3 1-0

[Event "Karposh Open  2012"]
[Site "Skopje MKD"]
[Date "2012.04.08"]
[Round "3.55"]
[White "Franca, Veronika"]
[Black "Ljangov, Petar"]
[Result "1/2-1/2"]
[WhiteElo "1863"]
[BlackElo "2089"]
[PlyCount "57"]
[EventDate "2012.04.07"]
[EventType "swiss"]
[EventRounds "9"]
[Source "lmi"]
[SourceDate "2012.04.07"]

1. d4 Nf6 2. c4 e6 3. Nc3 Bb4 4. e3 O-O 5. Bd3 Nc6 6. Nf3 d6 7. O-O Bxc3 8.
bxc3 e5 9. e4 Bg4 10. d5 Ne7 11. h3 Bh5 12. Bg5 Nd7 13. g4 Bg6 14. Nh4 f6 15.
Be3 Be8 16. Kh2 Ng6 17. Nf5 Nc5 18. Bc2 b6 19. Qf3 Bd7 20. Rg1 Qe8 21. Rae1 Bc8
22. h4 Nf4 23. Bxf4 exf4 24. Qxf4 Qe5 25. Qg3 Qxg3+ 26. Rxg3 Bxf5 27. gxf5 Rf7
28. Rge3 Re7 29. Bd1 1/2-1/2

[Event "Karposh Open  2012"]
[Site "Skopje MKD"]
[Date "2012.04.08"]
[Round "3.56"]
[White "Konstantinov, Aleksandar"]
[Black "Semsiu, Agim"]
[Result "0-1"]
[WhiteElo "1748"]
[BlackElo "1988"]
[PlyCount "78"]
[EventDate "2012.04.07"]
[EventType "swiss"]
[EventRounds "9"]
[Source "lmi"]
[SourceDate "2012.04.07"]

1. e4 c5 2. Nf3 Nc6 3. d3 d6 4. Nbd2 Nf6 5. g3 g6 6. Bg2 Bg7 7. O-O O-O 8. Re1
e5 9. a4 h6 10. Nc4 Be6 11. Ne3 Qd7 12. Nd2 Ng4 13. Ndc4 Nxe3 14. Nxe3 Nd4 15.
Nd5 f5 16. c3 Nc6 17. Qe2 Rf7 18. f4 Raf8 19. Be3 Kh7 20. a5 fxe4 21. dxe4 Bg4
22. Qd2 exf4 23. Nxf4 g5 24. Nd5 Ne5 25. Rf1 Bf3 26. Qc2 Qg4 27. Rab1 Be2 28.
Rxf7 Rxf7 29. Re1 Bd3 30. Qd1 Qxd1 31. Rxd1 Be2 32. Re1 Bf3 33. Rf1 Bxg2 34.
Kxg2 Rxf1 35. Kxf1 Nc4 36. Bc1 Nxa5 37. Ke2 Kg6 38. Kd3 Nc6 39. Kc4 a6 0-1

[Event "Karposh Open  2012"]
[Site "Skopje MKD"]
[Date "2012.04.08"]
[Round "3.57"]
[White "Ranic, Viktor"]
[Black "Batkoski, Nenad"]
[Result "0-1"]
[WhiteElo "1941"]
[BlackElo "1892"]
[PlyCount "70"]
[EventDate "2012.04.07"]
[EventType "swiss"]
[EventRounds "9"]
[Source "lmi"]
[SourceDate "2012.04.07"]

1. e4 e5 2. Nf3 Nc6 3. d4 exd4 4. Nxd4 Bc5 5. Be3 Bxd4 6. Bxd4 Nxd4 7. Qxd4 Qf6
8. e5 Qb6 9. Qxb6 axb6 10. Nc3 f6 11. exf6 Nxf6 12. Nb5 Kd8 13. Nc3 Re8+ 14.
Be2 c6 15. O-O b5 16. a3 d5 17. Bd3 Be6 18. Rfe1 Kc7 19. Rad1 Bf7 20. f3 Rxe1+
21. Rxe1 Re8 22. Kf2 Rxe1 23. Kxe1 Kd6 24. Kd2 Ke5 25. g3 g5 26. Ne2 h6 27. c3
Ne8 28. Ke3 Nd6 29. Nd4 Be8 30. f4+ Kf6 31. f5 c5 32. Ne6 c4 33. Bc2 Bd7 34. g4
Bxe6 35. fxe6 Kxe6 0-1

[Event "Karposh Open  2012"]
[Site "Skopje MKD"]
[Date "2012.04.08"]
[Round "3.60"]
[White "Lazov, Toni"]
[Black "Jancev, Valentin"]
[Result "1/2-1/2"]
[WhiteElo "1798"]
[BlackElo "1998"]
[PlyCount "26"]
[EventDate "2012.04.07"]
[EventType "swiss"]
[EventRounds "9"]
[Source "lmi"]
[SourceDate "2012.04.07"]

1. e4 e6 2. d4 d5 3. Nd2 dxe4 4. Nxe4 Nd7 5. Nf3 Ngf6 6. Ng3 b6 7. Bc4 Bb7 8.
O-O Be7 9. Bf4 O-O 10. Ne5 Nxe5 11. Bxe5 c5 12. c3 Rc8 13. Bd3 Qd5 1/2-1/2

[Event "Karposh Open  2012"]
[Site "Skopje MKD"]
[Date "2012.04.08"]
[Round "3.63"]
[White "Atanasov, Sande"]
[Black "Mihtis, Theodoros"]
[Result "1/2-1/2"]
[WhiteElo "1950"]
[BlackElo "1746"]
[PlyCount "43"]
[EventDate "2012.04.07"]
[EventType "swiss"]
[EventRounds "9"]
[Source "lmi"]
[SourceDate "2012.04.07"]

1. e4 Nf6 2. Nc3 d5 3. e5 Ne4 4. Nxe4 dxe4 5. d4 exd3 6. Bxd3 Nc6 7. f4 Be6 8.
Bd2 Qd7 9. Nf3 O-O-O 10. O-O h6 11. Bc3 Bf5 12. Bxf5 Qxf5 13. Qc1 e6 14. a3
Bc5+ 15. Kh1 Qh5 16. Ne1 Nd4 17. Bxd4 Bxd4 18. c3 Bb6 19. a4 Qe2 20. Nf3 g5 21.
Re1 Qf2 22. a5 1/2-1/2

[Event "Karposh Open  2012"]
[Site "Skopje MKD"]
[Date "2012.04.08"]
[Round "3.64"]
[White "Bejatovic, Bojana"]
[Black "Nikolov, Kole"]
[Result "1-0"]
[WhiteElo "1944"]
[BlackElo "1715"]
[PlyCount "41"]
[EventDate "2012.04.07"]
[EventType "swiss"]
[EventRounds "9"]
[Source "lmi"]
[SourceDate "2012.04.07"]

1. d4 d5 2. Nf3 Nf6 3. Bg5 e6 4. Nbd2 Be7 5. Bxf6 Bxf6 6. e4 dxe4 7. Nxe4 O-O
8. c3 b6 9. Bd3 Bb7 10. Qe2 Nd7 11. O-O-O a5 12. h4 b5 13. Nfg5 h6 14. Qh5 Bd5
15. Rh3 Qe7 16. Rg3 a4 17. Nh7 a3 18. Nexf6+ Nxf6 19. Qxh6 axb2+ 20. Kd2 b1=Q
21. Bxb1 1-0

[Event "Karposh Open  2012"]
[Site "Skopje MKD"]
[Date "2012.04.08"]
[Round "3.66"]
[White "Gjorgjevski, Janco"]
[Black "Lakinska, Simona"]
[Result "1-0"]
[WhiteElo "1936"]
[BlackElo "1690"]
[PlyCount "77"]
[EventDate "2012.04.07"]
[EventType "swiss"]
[EventRounds "9"]
[Source "lmi"]
[SourceDate "2012.04.07"]

1. d4 Nf6 2. c4 e6 3. Nf3 d5 4. Nc3 Bb4 5. Qc2 Nc6 6. a3 Bxc3+ 7. Qxc3 O-O 8.
Bg5 h6 9. Bh4 Qe7 10. e3 Bd7 11. Bd3 dxc4 12. Bxc4 Rfe8 13. O-O g5 14. Bg3 Ne4
15. Qc2 Nxg3 16. hxg3 Qf6 17. b4 a6 18. Rfd1 Rad8 19. Rac1 Kg7 20. Ba2 g4 21.
Nd2 Qg6 22. Qc3 Kg8 23. Qb3 Rb8 24. Rc5 b6 25. Bb1 f5 26. Rxf5 Qg7 27. Rf4 Kh8
28. Nc4 Rf8 29. Ne5 Nxe5 30. dxe5 Rxf4 31. gxf4 Rg8 32. Be4 Qe7 33. g3 Qe8 34.
Rc1 Ba4 35. Rxc7 Rg7 36. Qc3 Rxc7 37. Qxc7 Qd7 38. Qxd7 Bxd7 39. Bg6 1-0

[Event "Karposh Open  2012"]
[Site "Skopje MKD"]
[Date "2012.04.08"]
[Round "3.67"]
[White "Stojkovska, Monika"]
[Black "Peev, Kosta"]
[Result "0-1"]
[WhiteElo "1936"]
[BlackElo "1625"]
[PlyCount "70"]
[EventDate "2012.04.07"]
[EventType "swiss"]
[EventRounds "9"]
[Source "lmi"]
[SourceDate "2012.04.07"]

1. e4 c5 2. Nc3 Nc6 3. f4 g6 4. Nf3 Bg7 5. Bb5 e6 6. Bxc6 bxc6 7. O-O Ne7 8. d3
d5 9. Qe1 O-O 10. Qh4 Qc7 11. Kh1 Ba6 12. Nd2 Rad8 13. Rf3 c4 14. Rh3 h6 15. e5
cxd3 16. cxd3 Rb8 17. Nb3 c5 18. g4 Rb4 19. Bd2 c4 20. Ne4 dxe4 21. Bxb4 Re8
22. Nc5 Bb7 23. dxe4 Ba8 24. Qe1 g5 25. fxg5 hxg5 26. Qe3 Ng6 27. Qxg5 a5 28.
Ba3 Qxe5 29. Qxe5 Bxe5 30. Re1 Rc8 31. Nd7 Nf4 32. Rf3 Bc7 33. Rc3 Rd8 34. Nc5
Rd2 35. Kg1 Ne2+ 0-1

[Event "Karposh Open  2012"]
[Site "Skopje MKD"]
[Date "2012.04.08"]
[Round "3.68"]
[White "Irakleidis, Christos"]
[Black "Vukelic, Zvonimir"]
[Result "0-1"]
[WhiteElo "1523"]
[BlackElo "1931"]
[PlyCount "44"]
[EventDate "2012.04.07"]
[EventType "swiss"]
[EventRounds "9"]
[Source "lmi"]
[SourceDate "2012.04.07"]

1. d4 d5 2. Nf3 Nf6 3. e3 Bf5 4. Bd3 Bxd3 5. Qxd3 c6 6. Nbd2 e6 7. b3 Nbd7 8.
Bb2 Qc7 9. Ne5 Bd6 10. f4 g6 11. h3 h5 12. c4 dxc4 13. bxc4 Bb4 14. Rd1 Rf8 15.
O-O O-O-O 16. Ndf3 Be7 17. Ng5 Bd6 18. Ngxf7 Rde8 19. Nxd6+ Qxd6 20. Ba3 c5 21.
dxc5 Qc7 22. Qd6 Nb8 0-1

[Event "Karposh Open  2012"]
[Site "Skopje MKD"]
[Date "2012.04.09"]
[Round "4.1"]
[White "Berescu, Alin-Mile"]
[Black "Berkes, Ferenc"]
[Result "1/2-1/2"]
[WhiteElo "2494"]
[BlackElo "2682"]
[PlyCount "58"]
[EventDate "2012.04.07"]
[EventType "swiss"]
[EventRounds "9"]
[Source "lmi"]
[SourceDate "2012.04.07"]

1. c4 g6 2. g3 Bg7 3. Bg2 d6 4. Nc3 e5 5. e4 Nc6 6. Nge2 h5 7. h4 Bg4 8. f3 Be6
9. d3 Qd7 10. Bg5 f6 11. Be3 f5 12. Rc1 Nd4 13. Bg5 Nxe2 14. Qxe2 Ne7 15. Nd5
Nc6 16. O-O O-O 17. Qd2 Nd4 18. Rf2 Rf7 19. f4 Raf8 20. Kh2 Kh7 21. fxe5 Bxd5
22. cxd5 Bxe5 23. Rcf1 c6 24. dxc6 bxc6 25. Bh3 d5 26. Bf4 Bg7 27. Be3 Qe7 28.
exf5 Nxf5 29. Bxf5 Rxf5 1/2-1/2

[Event "Karposh Open  2012"]
[Site "Skopje MKD"]
[Date "2012.04.09"]
[Round "4.3"]
[White "Delchev, Aleksander"]
[Black "Arsovic, Goran"]
[Result "0-1"]
[WhiteElo "2622"]
[BlackElo "2422"]
[PlyCount "80"]
[EventDate "2012.04.07"]
[EventType "swiss"]
[EventRounds "9"]
[Source "lmi"]
[SourceDate "2012.04.07"]

1. Nf3 Nf6 2. c4 g6 3. Nc3 Bg7 4. e4 d6 5. d4 O-O 6. h3 e5 7. d5 Na6 8. Bg5 Qe8
9. Be2 Kh8 10. Nd2 Ng8 11. O-O f6 12. Be3 f5 13. exf5 gxf5 14. f4 Bh6 15. Rf2
Nf6 16. Nf1 Nc5 17. Bf3 Bd7 18. b4 Nce4 19. Bxe4 exf4 20. Bxf4 Bxf4 21. Rxf4
Qe5 22. Ne2 Nxe4 23. Qd4 b5 24. Ne3 Rae8 25. Raf1 bxc4 26. Nxc4 Qxd4+ 27. Nxd4
Nc3 28. a3 Nxd5 29. Rh4 Kg7 30. Rf3 Rf6 31. Rh5 Kg6 32. Rh4 f4 33. Rd3 Ne3 34.
Nd2 h5 35. Rc3 Nd5 36. Rc1 Re3 37. Nc4 Rd3 38. Nf3 Rxf3 39. gxf3 Kg5 40. Rd1
Be6 0-1

[Event "Karposh Open  2012"]
[Site "Skopje MKD"]
[Date "2012.04.09"]
[Round "4.4"]
[White "Arnaudov, G  Petar"]
[Black "Ivanisevic, Ivan"]
[Result "1/2-1/2"]
[WhiteElo "2476"]
[BlackElo "2645"]
[PlyCount "98"]
[EventDate "2012.04.07"]
[EventType "swiss"]
[EventRounds "9"]
[Source "lmi"]
[SourceDate "2012.04.07"]

1. Nf3 d6 2. d4 Nf6 3. c4 g6 4. Nc3 Bf5 5. Ng5 Bd7 6. e4 e5 7. d5 Bg7 8. h3 a5
9. Be3 Na6 10. Be2 O-O 11. Nf3 Ne8 12. g4 Nc5 13. Rg1 Kh8 14. Qc2 f5 15. gxf5
gxf5 16. O-O-O a4 17. Ng5 Qf6 18. exf5 Bxf5 19. Nge4 Nxe4 20. Nxe4 Qh4 21. Bd3
Bxe4 22. Bxe4 Bh6 23. Bxh6 Qxh6+ 24. Qd2 Qxd2+ 25. Rxd2 Nf6 26. Bc2 Nh5 27. Rg5
Nf4 28. Rg3 a3 29. b4 Rg8 30. h4 Rgf8 31. Bd1 Ng6 32. h5 Nf4 33. h6 Ng6 34. Bc2
Rf4 35. Bxg6 hxg6 36. Rxg6 Rxc4+ 37. Rc2 b5 38. Rxc4 bxc4 39. Rg4 Rf8 40. Rxc4
Rxf2 41. Rxc7 Rxa2 42. Rc3 e4 43. Re3 Ra1+ 44. Kc2 a2 45. Kb2 Rb1+ 46. Kxa2
Rxb4 47. Ka3 Rd4 48. Kb3 Kh7 49. Kc3 Rxd5 1/2-1/2

[Event "Karposh Open  2012"]
[Site "Skopje MKD"]
[Date "2012.04.09"]
[Round "4.5"]
[White "Mastrovasilis, Dimitrios"]
[Black "Antic, Dejan"]
[Result "1/2-1/2"]
[WhiteElo "2631"]
[BlackElo "2513"]
[PlyCount "66"]
[EventDate "2012.04.07"]
[EventType "swiss"]
[EventRounds "9"]
[Source "lmi"]
[SourceDate "2012.04.07"]

1. e4 e6 2. d4 d5 3. Nc3 Nf6 4. e5 Nfd7 5. f4 c5 6. Nf3 Nc6 7. Be3 Be7 8. Be2
O-O 9. O-O b6 10. Kh1 Bb7 11. Qe1 f6 12. exf6 Nxf6 13. Rd1 c4 14. Ne5 Bb4 15.
Bf3 Qe7 16. a3 Ba5 17. Bf2 Nxe5 18. dxe5 Ne4 19. Bxe4 dxe4 20. Bh4 Qf7 21. Qe3
Bxc3 22. bxc3 h6 23. h3 Rae8 24. g4 Qc7 25. Kg1 Rf7 26. Rd6 Rd7 27. Qd4 Bd5 28.
Rxd7 Qxd7 29. f5 Rf8 30. Rd1 Qc7 31. Rf1 Qd7 32. Rd1 Qc7 33. Rf1 Qd7 1/2-1/2

[Event "Karposh Open  2012"]
[Site "Skopje MKD"]
[Date "2012.04.09"]
[Round "4.9"]
[White "Nestorovic, Nikola"]
[Black "Damljanovic, Branko"]
[Result "1-0"]
[WhiteElo "2462"]
[BlackElo "2582"]
[PlyCount "117"]
[EventDate "2012.04.07"]
[EventType "swiss"]
[EventRounds "9"]
[Source "lmi"]
[SourceDate "2012.04.07"]

1. e4 c5 2. Nf3 d6 3. d4 cxd4 4. Nxd4 Nf6 5. Nc3 a6 6. h3 g6 7. g4 Bg7 8. Bg2
O-O 9. Be3 Nc6 10. O-O Bd7 11. Nde2 b5 12. b3 Rb8 13. Qd2 h5 14. g5 Ne8 15.
Rad1 b4 16. Nd5 a5 17. f4 e6 18. Nf6+ Bxf6 19. gxf6 Qxf6 20. f5 Ne5 21. Bh6
exf5 22. exf5 Bxf5 23. Nd4 Rc8 24. Bxf8 Kxf8 25. Qh6+ Ke7 26. Be4 Ng7 27. Nxf5+
gxf5 28. Qxf6+ Kxf6 29. Bg2 Rxc2 30. Rxd6+ Ne6 31. Be4 Rxa2 32. Rxf5+ Ke7 33.
Ra6 Nd7 34. Ra7 Nd4 35. Rxd7+ Kxd7 36. Rd5+ Ke6 37. Rxd4 Ke5 38. Rc4 a4 39.
bxa4 Rxa4 40. Bc6 Ra1+ 41. Kg2 Ra2+ 42. Kg3 Ra3+ 43. Bf3 b3 44. Rb4 f5 45. Bxh5
Kd5 46. Bf7+ Ke5 47. Bxb3 Ra1 48. Rb5+ Kf6 49. Bc2 Rg1+ 50. Kf3 Rf1+ 51. Kg2
Rf4 52. Kg3 Rf1 53. Bd3 f4+ 54. Kg4 Rf2 55. Be4 Rf1 56. Bf3 Rg1+ 57. Kxf4 Kg7
58. h4 Kh8 59. Rh5+ 1-0

[Event "Karposh Open  2012"]
[Site "Skopje MKD"]
[Date "2012.04.09"]
[Round "4.10"]
[White "Chatalbashev, Boris"]
[Black "Likavsky, Tomas"]
[Result "1-0"]
[WhiteElo "2570"]
[BlackElo "2486"]
[PlyCount "71"]
[EventDate "2012.04.07"]
[EventType "swiss"]
[EventRounds "9"]
[Source "lmi"]
[SourceDate "2012.04.07"]

1. d4 Nf6 2. c4 d6 3. Nc3 Nbd7 4. e4 e5 5. Be3 c6 6. d5 Be7 7. f3 O-O 8. Nge2
a6 9. Ng3 g6 10. Qd2 h5 11. Bh6 Re8 12. Nf5 cxd5 13. Nxe7+ Qxe7 14. cxd5 Nh7
15. Be2 b5 16. Be3 Rb8 17. O-O g5 18. b4 Ndf8 19. a4 bxa4 20. Nxa4 Ng6 21. Nb6
Nf4 22. Bxa6 Bb7 23. Bb5 Red8 24. Ra7 Nf6 25. Bc6 h4 26. Nc4 N6h5 27. Na5 Rd7
28. Bxd7 Qxd7 29. Nc6 Bxc6 30. Rxd7 Bxd7 31. Ra1 Bb5 32. Qc2 Bd3 33. Qc7 Rxb4
34. Qxd6 Rb2 35. Ra8+ Kh7 36. Rh8+ 1-0

[Event "Karposh Open  2012"]
[Site "Skopje MKD"]
[Date "2012.04.09"]
[Round "4.11"]
[White "Smith, Bryan G"]
[Black "Yemelin, Vasily"]
[Result "1/2-1/2"]
[WhiteElo "2450"]
[BlackElo "2567"]
[PlyCount "64"]
[EventDate "2012.04.07"]
[EventType "swiss"]
[EventRounds "9"]
[Source "lmi"]
[SourceDate "2012.04.07"]

1. e4 e5 2. Nc3 Nf6 3. g3 d5 4. exd5 Nxd5 5. Bg2 Nxc3 6. bxc3 Bd6 7. Nf3 O-O 8.
O-O Nc6 9. d3 Bf5 10. Rb1 Rb8 11. c4 Qd7 12. Ng5 Bg4 13. Qd2 Be7 14. f4 exf4
15. gxf4 Nd4 16. Bb2 b5 17. cxb5 Rxb5 18. Ba1 Rxb1 19. Rxb1 f6 20. Ne4 Nf3+ 21.
Bxf3 Bxf3 22. Qf2 Bxe4 23. dxe4 Qe6 24. Bd4 Qxa2 25. Rb7 Qc4 26. Rxa7 Rd8 27.
c3 Bf8 28. Qa2 Qxa2 29. Rxa2 c5 30. Bf2 Rd3 31. c4 Rc3 32. Ra4 Kf7 1/2-1/2

[Event "Karposh Open  2012"]
[Site "Skopje MKD"]
[Date "2012.04.09"]
[Round "4.12"]
[White "Vojinovic, Goran"]
[Black "Hera, Imre Jr"]
[Result "1/2-1/2"]
[WhiteElo "2429"]
[BlackElo "2555"]
[PlyCount "104"]
[EventDate "2012.04.07"]
[EventType "swiss"]
[EventRounds "9"]
[Source "lmi"]
[SourceDate "2012.04.07"]

1. d4 Nf6 2. c4 e6 3. Nf3 d5 4. Nc3 dxc4 5. e3 a6 6. a4 b6 7. Bxc4 Bb7 8. O-O
c5 9. Qe2 Qc7 10. Rd1 Bd6 11. d5 exd5 12. Nxd5 Bxd5 13. Bxd5 Nxd5 14. Rxd5 Nc6
15. b3 Rd8 16. Rd2 O-O 17. Qxa6 Ne5 18. a5 Ra8 19. Qe2 bxa5 20. g3 Rab8 21.
Nxe5 Bxe5 22. Ra3 Bc3 23. Rc2 Bb4 24. Raa2 Qe5 25. Bb2 Qe6 26. Qc4 Qxc4 27.
Rxc4 Rfd8 28. Bc3 Rd3 29. Bxb4 axb4 30. Rxc5 Rxb3 31. Rb5 Rc8 32. Ra4 g6 33.
Raxb4 Rxb4 34. Rxb4 Rc2 35. g4 Kg7 36. Rb5 Ra2 37. Kg2 Rc2 38. h4 h6 39. Kg3
Rc1 40. f4 Rg1+ 41. Kf3 Rf1+ 42. Kg2 Re1 43. Kf2 Rh1 44. h5 Rh4 45. hxg6 Kxg6
46. Rb6+ Kg7 47. Kg3 Rh1 48. Rb2 Ra1 49. Kf3 Ra4 50. Rd2 Kg6 51. e4 Ra3+ 52.
Kf2 f6 1/2-1/2

[Event "Karposh Open  2012"]
[Site "Skopje MKD"]
[Date "2012.04.09"]
[Round "4.13"]
[White "D`costa, Lorin A R"]
[Black "Georgiev, Vladimir"]
[Result "1/2-1/2"]
[WhiteElo "2420"]
[BlackElo "2531"]
[PlyCount "46"]
[EventDate "2012.04.07"]
[EventType "swiss"]
[EventRounds "9"]
[Source "lmi"]
[SourceDate "2012.04.07"]

1. e4 e5 2. Nf3 Nc6 3. Bb5 a6 4. Ba4 Nf6 5. d3 b5 6. Bb3 Be7 7. O-O O-O 8. Re1
d6 9. c3 a5 10. a3 a4 11. Ba2 Na5 12. d4 c5 13. Nbd2 Bb7 14. dxe5 dxe5 15. Nxe5
c4 16. Qf3 Ra6 17. Ng4 Bc5 18. Qf5 Qe7 19. Nf3 Nxg4 20. Qxg4 f5 21. Qg5 Qxg5
22. Bxg5 Bxe4 23. Nd2 Rg6 1/2-1/2

[Event "Karposh Open  2012"]
[Site "Skopje MKD"]
[Date "2012.04.09"]
[Round "4.14"]
[White "Blagojevic, Dragisa"]
[Black "Hunt, Adam C"]
[Result "1/2-1/2"]
[WhiteElo "2523"]
[BlackElo "2454"]
[PlyCount "35"]
[EventDate "2012.04.07"]
[EventType "swiss"]
[EventRounds "9"]
[Source "lmi"]
[SourceDate "2012.04.07"]

1. d4 Nf6 2. c4 g6 3. Nf3 Bg7 4. g3 c6 5. Bg2 d5 6. b3 dxc4 7. bxc4 c5 8. Bb2
cxd4 9. Nxd4 O-O 10. O-O Qb6 11. Qb3 Nbd7 12. Nd2 Nc5 13. Qa3 Bd7 14. Rab1 Rac8
15. Ba1 Qa6 16. Qxa6 bxa6 17. N2b3 Nfe4 18. Nxc5 1/2-1/2

[Event "Karposh Open  2012"]
[Site "Skopje MKD"]
[Date "2012.04.09"]
[Round "4.16"]
[White "Dobrotka, Martin"]
[Black "Kozul, Zdenko"]
[Result "0-1"]
[WhiteElo "2259"]
[BlackElo "2602"]
[PlyCount "56"]
[EventDate "2012.04.07"]
[EventType "swiss"]
[EventRounds "9"]
[Source "lmi"]
[SourceDate "2012.04.07"]

1. d4 Nf6 2. c4 c5 3. Nf3 cxd4 4. Nxd4 e5 5. Nc2 b5 6. cxb5 Bb7 7. Bg5 d5 8. e3
Nbd7 9. Be2 Rc8 10. O-O h6 11. Bh4 g5 12. Bg3 h5 13. f4 gxf4 14. exf4 Ne4 15.
Be1 Qb6+ 16. Kh1 h4 17. fxe5 Ng3+ 18. Bxg3 hxg3 19. h3 Nxe5 20. Nd4 Bc5 21. Nc6
Bxc6 22. bxc6 Qxc6 23. Bf3 Qd7 24. Bh5 Bf2 25. Nc3 Rxc3 26. bxc3 Qf5 27. Qa4+
Kf8 28. Qb4+ Kg7 0-1

[Event "Karposh Open  2012"]
[Site "Skopje MKD"]
[Date "2012.04.09"]
[Round "4.17"]
[White "Ilic, Zoran"]
[Black "Sedlak, Nikola"]
[Result "0-1"]
[WhiteElo "2252"]
[BlackElo "2593"]
[PlyCount "76"]
[EventDate "2012.04.07"]
[EventType "swiss"]
[EventRounds "9"]
[Source "lmi"]
[SourceDate "2012.04.07"]

1. c4 e5 2. Nf3 Nc6 3. d3 Bb4+ 4. Nbd2 d5 5. cxd5 Qxd5 6. a3 Bxd2+ 7. Bxd2 Bg4
8. e3 f5 9. Qa4 Nf6 10. h3 Bxf3 11. gxf3 f4 12. Be2 O-O 13. Qc4 Qxc4 14. dxc4
e4 15. O-O-O Rae8 16. Rhf1 Ne5 17. Rfe1 exf3 18. Bf1 Ne4 19. exf4 Nxd2 20. Kxd2
Ng6 21. Rxe8 Rxe8 22. Re1 Rd8+ 23. Ke3 Nh4 24. Rc1 Kf7 25. Bd3 Kf6 26. Be4 c6
27. Bxf3 Nxf3 28. Kxf3 Rd3+ 29. Kg4 g6 30. f3 Rd2 31. b4 Rg2+ 32. Kh4 Kf5 33.
Rd1 Kxf4 34. Rd7 Rg5 35. Rf7+ Rf5 36. Rxh7 g5+ 37. Kh5 g4+ 38. Kg6 gxf3 0-1

[Event "Karposh Open  2012"]
[Site "Skopje MKD"]
[Date "2012.04.09"]
[Round "4.18"]
[White "Nevednichy, Vladislav"]
[Black "Dastan, Muhammed Batuhan"]
[Result "1-0"]
[WhiteElo "2562"]
[BlackElo "2239"]
[PlyCount "32"]
[EventDate "2012.04.07"]
[EventType "swiss"]
[EventRounds "9"]
[Source "lmi"]
[SourceDate "2012.04.07"]

1. e4 c5 2. Nf3 d6 3. Bb5+ Nd7 4. d4 Ngf6 5. O-O a6 6. Bxd7+ Nxd7 7. Nc3 e6 8.
Bg5 Qc7 9. d5 e5 10. a4 h6 11. Bh4 Rb8 12. Nd2 g5 13. Bg3 Be7 14. Nc4 h5 15. h3
h4 16. Bh2 Nf6 1-0

[Event "Karposh Open  2012"]
[Site "Skopje MKD"]
[Date "2012.04.09"]
[Round "4.19"]
[White "Drazic, Sinisa"]
[Black "Djukic, Sandra"]
[Result "1-0"]
[WhiteElo "2536"]
[BlackElo "2203"]
[PlyCount "127"]
[EventDate "2012.04.07"]
[EventType "swiss"]
[EventRounds "9"]
[Source "lmi"]
[SourceDate "2012.04.07"]

1. c4 d6 2. d4 e5 3. Nf3 exd4 4. Nxd4 Nf6 5. Nc3 Nc6 6. Nc2 Be7 7. e4 O-O 8.
Be2 Re8 9. Be3 Bf8 10. f3 Ne5 11. Qd2 c6 12. O-O Be6 13. b3 d5 14. exd5 cxd5
15. c5 Nc6 16. Na4 Bf5 17. Bf2 Qa5 18. Qxa5 Nxa5 19. Nd4 Bd7 20. Bb5 Nc6 21.
Ne2 Rac8 22. Rfd1 Nb4 23. Nec3 Bxb5 24. Nxb5 a6 25. Nd6 Bxd6 26. cxd6 Rcd8 27.
Bb6 Rd7 28. Bc7 Rc8 29. a3 Nc6 30. Nb6 Rcxc7 31. dxc7 Rxc7 32. Nxd5 Nxd5 33.
Rxd5 g6 34. Rc1 Re7 35. Kf2 Kg7 36. b4 h5 37. h4 Ne5 38. Rc3 b5 39. a4 bxa4 40.
Ra5 Re6 41. Re3 f6 42. Kg3 Rb6 43. Rxa4 Kf7 44. Rea3 Ke7 45. Rxa6 Rxb4 46. Ra7+
Ke6 47. R3a6+ Kf5 48. Ra4 Rxa4 49. Rxa4 g5 50. Ra5 Ke6 51. f4 gxf4+ 52. Kxf4
Ng6+ 53. Kg3 Ne5 54. Ra4 Kf5 55. Ra8 Kg6 56. Kf4 Nd3+ 57. Ke3 Ne5 58. Kd4 Nc6+
59. Kd5 Ne5 60. Ke6 Kg7 61. Ra5 Ng6 62. Ra7+ Kh6 63. g3 Ne5 64. Kxf6 1-0

[Event "Karposh Open  2012"]
[Site "Skopje MKD"]
[Date "2012.04.09"]
[Round "4.20"]
[White "Rusev, Krasimir"]
[Black "Ilic, Ljubomir"]
[Result "1-0"]
[WhiteElo "2516"]
[BlackElo "2199"]
[PlyCount "53"]
[EventDate "2012.04.07"]
[EventType "swiss"]
[EventRounds "9"]
[Source "lmi"]
[SourceDate "2012.04.07"]

1. d4 g6 2. c4 Bg7 3. Nc3 d6 4. e4 Nc6 5. Be3 e5 6. d5 Nd4 7. Nge2 Nxe2 8. Bxe2
f5 9. exf5 Bxf5 10. g4 Bd7 11. h4 a6 12. Qd2 Qe7 13. f3 h5 14. Qc2 Qf7 15. Ne4
Bh6 16. g5 Bf8 17. Rd1 b6 18. O-O a5 19. f4 exf4 20. Rxf4 Bf5 21. Bd3 O-O-O 22.
b4 axb4 23. Qa4 Kb8 24. Qxb4 Kb7 25. Rb1 Rb8 26. a4 Ne7 27. Nxd6+ 1-0

[Event "Karposh Open  2012"]
[Site "Skopje MKD"]
[Date "2012.04.09"]
[Round "4.23"]
[White "Andrejic, Vladica"]
[Black "Todorovic, Goran M"]
[Result "0-1"]
[WhiteElo "2164"]
[BlackElo "2499"]
[PlyCount "56"]
[EventDate "2012.04.07"]
[EventType "swiss"]
[EventRounds "9"]
[Source "lmi"]
[SourceDate "2012.04.07"]

1. d4 d5 2. c4 e6 3. Nc3 c6 4. Nf3 Nf6 5. Bg5 Nbd7 6. e3 Qa5 7. Nd2 dxc4 8.
Bxf6 Nxf6 9. Nxc4 Qc7 10. Rc1 Be7 11. Bd3 O-O 12. O-O Rd8 13. Qc2 a6 14. Ne4
Nd5 15. a3 g6 16. b4 Bd7 17. Qe2 Be8 18. f4 b6 19. Ne5 f6 20. Nc4 a5 21. b5 Qb7
22. bxc6 Bxc6 23. Ra1 b5 24. Nb2 Qb6 25. Rfc1 e5 26. fxe5 fxe5 27. Nc5 Bxc5 28.
dxc5 Kg7 0-1

[Event "Karposh Open  2012"]
[Site "Skopje MKD"]
[Date "2012.04.09"]
[Round "4.25"]
[White "Krivokapic, Marko"]
[Black "Koksal, Ege"]
[Result "1-0"]
[WhiteElo "2415"]
[BlackElo "2154"]
[PlyCount "81"]
[EventDate "2012.04.07"]
[EventType "swiss"]
[EventRounds "9"]
[Source "lmi"]
[SourceDate "2012.04.07"]

1. e4 e5 2. Nf3 Nc6 3. Bc4 Bc5 4. O-O Nf6 5. d3 d6 6. c3 O-O 7. Nbd2 a6 8. Bb3
Ba7 9. h3 Nh5 10. Re1 Qf6 11. Nf1 Nf4 12. Ng3 Be6 13. Be3 Ne7 14. Bc2 g5 15.
Nh2 Neg6 16. Ng4 Bxg4 17. hxg4 Ne6 18. Nh5 Qe7 19. d4 f6 20. Ng3 Ng7 21. Nf5
Nxf5 22. gxf5 Nh8 23. Qh5 Kg7 24. Bb3 Nf7 25. Rad1 c6 26. Be6 b5 27. Rd3 Qe8
28. Qg4 Rh8 29. Qd1 exd4 30. cxd4 h5 31. Ra3 Qe7 32. Rxa6 Nd8 33. e5 Nxe6 34.
exf6+ Qxf6 35. fxe6 Rhe8 36. Rxc6 Rxe6 37. Qxh5 Bxd4 38. Rc7+ Kf8 39. Bxd4
Rxe1+ 40. Kh2 Qf4+ 41. g3 1-0